000 00715nam a2200253Ia 4500
003 OSt
005 20220918201241.0
006 a|||||r|||| 00| 0
007 ta
008 220917b |||||||| |||| 00| 0 eng d
024 _a92,641
037 _cTextual
040 _aARTS
_cARTS
_beng
041 _2eng
_aeng
082 _aV1:191=w.N81<--N14, M8
100 _aVarma S P
245 0 _aInternational system and the third World
_b A study in changing perspective
260 _aDelhi
_bVikas India
_c1988
300 _axix, 382p.
_ccm.
500 _aBibliography p365--374
650 _aHISTORY
942 _hV1:191=w.N81<--N14, M8
_cTEXL
_2CC
999 _c216292
_d216292